000 nam a22 a 4500
999 _c2367
_d2367
003 AKMAL
005 20170516112138.0
008 170516s1992 tnu 000 eng d
020 _a0070161941
040 _aAKMAL
082 0 4 _a540 DEA
090 _a540
_bDEA
245 0 0 _aLange's handbook of chemistry /
_cJohn A. Dean, [editor]
250 _a14th ed.
260 _aNew York :
_bMcGraw-Hill,
_c1992.
300 0 0 _a1v. (various pagings) :
_bill. ;
_c24cm
500 _aFormally compiled and edited by N.A. Lange
650 _aChemistry
_xHandbooks, manuals, etc.
_94921
700 0 _aDean, John Aurie,
_d1921-
_94922
740 2 _aHandbook of chemistry
942 _2ddc
_cBOOK